Normal view MARC view
  • Zaka, Capt Hammad TE-36

Entry Personal Name

Number of records used in: 1

001 - CONTROL NUMBER

  • control field: 131288

003 - CONTROL NUMBER IDENTIFIER

  • control field: NUST

005 - DATE AND TIME OF LATEST TRANSACTION

  • control field: 20251021102345.0

008 - FIXED-LENGTH DATA ELEMENTS

  • fixed length control field: 251021|| aca||aabn | a|a d

040 ## - CATALOGING SOURCE

  • Original cataloging agency: NUST
  • Transcribing agency: NUST

100 ## - HEADING--PERSONAL NAME

  • Personal name: Zaka, Capt Hammad TE-36

670 ## - SOURCE DATA FOUND

  • Source citation: Work cat.: (NUST)188632: Zaka, Capt Hammad TE-36, Design & fabrication of electronic private automatic branch exchange (EPABX) /, 2003
© 2023 Central Library, National University of Sciences and Technology. All Rights Reserved.